[Event "18. Open de la Constitución 2016"]
[Site "San Sebastian de los Reyes ES"]
[Date "2016.12.03"]
[Round "1.24"]
[White "Alonso Garuti, Luis E"]
[Black "Karunanithi, Bharath"]
[Result "1-0"]
[WhiteElo "1844"]
[BlackElo "1345"]
[PlyCount "113"]
[EventDate "2016.12.03"]
[EventType "swiss"]
[EventRounds "9"]
[EventCountry "ESP"]
[SourceTitle "Ajedrez en Madrid"]
[Source "lmi"]
[SourceDate "2016.12.03"]

1. e4 c5 2. Nf3 d6 3. d4 cxd4 4. c3 Nf6 5. e5 dxe5 6. Nxe5 Qa5 7. Qxd4 e6 8.
Nc4 Qd5 9. Bf4 Qxd4 10. cxd4 Bb4+ 11. Nc3 O-O 12. Bd6 Bxd6 13. Nxd6 Nc6 14. Rd1
Rd8 15. Nxc8 Raxc8 16. d5 Nxd5 17. Nxd5 Rxd5 18. Rxd5 exd5 19. Kd2 Nb4 20. Bd3
Nxa2 21. Ra1 Nb4 22. Rxa7 Rb8 23. Ra5 g6 24. Rb5 Nxd3 25. Kxd3 d4 26. Rd5 Kf8
27. Kxd4 Ke7 28. Kc4 Ke6 29. Rc5 Kd6 30. Kb5 Ra8 31. Rc2 Kd7 32. Kb6 Rc8 33.
Rd2+ Ke6 34. Kxb7 Rc4 35. Kb6 Rc8 36. b4 Rb8+ 37. Ka5 Ra8+ 38. Kb5 Rb8+ 39. Kc4
Rc8+ 40. Kb3 Rb8 41. Rd4 Rb7 42. Rc4 Kd6 43. Rc5 Re7 44. Rc2 Re5 45. Ka4 Re7
46. b5 Ra7+ 47. Kb4 Rc7 48. Rd2+ Ke6 49. b6 Rc1 50. Kb5 Rb1+ 51. Kc6 Rc1+ 52.
Kb7 Rb1 53. Kc7 Rc1+ 54. Kb8 Rb1 55. b7 Rb4 56. Ra2 Kd7 57. Ka8 1-0

[Event "18. Open de la Constitución 2016"]
[Site "San Sebastian de los Reyes ES"]
[Date "2016.12.03"]
[Round "1.25"]
[White "Martin Rodriguez, Jose Luis"]
[Black "Gonzalez Berrendero, Carlos"]
[Result "0-1"]
[WhiteElo "1343"]
[BlackElo "1834"]
[PlyCount "132"]
[EventDate "2016.12.03"]
[EventType "swiss"]
[EventRounds "9"]
[EventCountry "ESP"]
[SourceTitle "Ajedrez en Madrid"]
[Source "lmi"]
[SourceDate "2016.12.03"]

1. c4 e5 2. Nc3 Nf6 3. Nf3 Nc6 4. g3 Bc5 5. Bg2 O-O 6. O-O d6 7. d3 h6 8. e4
Bg4 9. h3 Be6 10. Be3 Bb6 11. a3 Qd7 12. Kh2 Bd4 13. Qd2 Bxc3 14. bxc3 Ne7 15.
Nh4 c5 16. Bxh6 gxh6 17. Qxh6 Ng6 18. Nxg6 fxg6 19. Qxg6+ Qg7 20. Qxg7+ Kxg7
21. f4 Rh8 22. f5 Bf7 23. Bf3 Rag8 24. g4 Kf8 25. Rg1 Nh7 26. Rg3 Ng5 27. Rag1
Ke7 28. Bd1 Rh6 29. Kg2 Rgh8 30. Rh1 a6 31. Be2 Kd8 32. Bf1 Kc7 33. Kf2 Bxc4
34. dxc4 Nxe4+ 35. Kg2 Nxg3 36. Kxg3 Rh4 37. Bg2 b5 38. cxb5 axb5 39. Rf1 R4h7
40. f6 Kd7 41. g5 Ke6 42. Re1 Kf5 43. Be4+ Kxg5 44. Bxh7 Rxh7 45. Rf1 Rf7 46.
h4+ Kg6 47. Kg4 Rxf6 48. h5+ Kf7 49. Rxf6+ Kxf6 50. h6 Kg6 51. h7 Kxh7 52. Kf5
Kg7 53. Ke4 Kf7 54. Kf5 Ke7 55. Ke4 Ke6 56. c4 b4 57. a4 Kd7 58. a5 Kc6 59. Kd3
Kb7 60. Ke4 Ka6 61. Kd3 Kxa5 62. Kc2 Ka4 63. Kb2 e4 64. Ka2 e3 65. Kb1 e2 66.
Kb2 e1=Q 0-1

[Event "18. Open de la Constitución 2016"]
[Site "San Sebastian de los Reyes ES"]
[Date "2016.12.03"]
[Round "1.26"]
[White "Reyes Penas, Sebastian"]
[Black "Tejerina Rincon, Pablo"]
[Result "1-0"]
[WhiteElo "1832"]
[BlackElo "1309"]
[PlyCount "77"]
[EventDate "2016.12.03"]
[EventType "swiss"]
[EventRounds "9"]
[EventCountry "ESP"]
[SourceTitle "Ajedrez en Madrid"]
[Source "lmi"]
[SourceDate "2016.12.03"]

1. e4 e5 2. Nf3 Nc6 3. Bb5 d6 4. d4 Qe7 5. d5 a6 6. Ba4 b5 7. dxc6 bxa4 8. Nc3
Nf6 9. Bg5 h6 10. Nd5 Qd8 11. Bxf6 gxf6 12. c4 f5 13. exf5 Bxf5 14. Qxa4 h5 15.
Qa5 Ra7 16. Rd1 Bg7 17. c5 O-O 18. cxd6 cxd6 19. Qxd8 Rxd8 20. c7 Re8 21. Rc1
Bc8 22. Nd2 Bh6 23. Nf6+ Kf8 24. Nxe8 Kxe8 25. Rc2 Ra8 26. Nc4 Ra7 27. Nb6 Rb7
28. Nxc8 Kd7 29. Nb6+ Ke7 30. c8=Q Rxb6 31. Qc7+ Ke6 32. Qxb6 Bd2+ 33. Rxd2 Kf5
34. Rxd6 h4 35. Qc6 h3 36. Rf6+ Kg5 37. Qf3 hxg2 38. Qf5+ Kh4 39. Rh6# 1-0

[Event "18. Open de la Constitución 2016"]
[Site "San Sebastian de los Reyes ES"]
[Date "2016.12.03"]
[Round "1.27"]
[White "Vallespin Morales, Antonio"]
[Black "Martin Manzano, Antonio"]
[Result "0-1"]
[WhiteElo "1281"]
[BlackElo "1818"]
[PlyCount "76"]
[EventDate "2016.12.03"]
[EventType "swiss"]
[EventRounds "9"]
[EventCountry "ESP"]
[SourceTitle "Ajedrez en Madrid"]
[Source "lmi"]
[SourceDate "2016.12.03"]

1. e4 e5 2. Nf3 Nc6 3. Bb5 f5 4. d3 fxe4 5. dxe4 d6 6. Nc3 Bg4 7. O-O Nf6 8. h3
Bh5 9. Qd3 a6 10. Bxc6+ bxc6 11. Qc4 Qd7 12. Nh4 Bf7 13. Qe2 Be6 14. Qf3 Be7
15. Bg5 O-O 16. Nf5 g6 17. Nxe7+ Qxe7 18. Qe3 Bc4 19. Rfe1 Qf7 20. b3 Be6 21.
Bh6 Rfe8 22. Rf1 d5 23. exd5 cxd5 24. Ne2 Bf5 25. Rac1 d4 26. Nxd4 exd4 27.
Qxd4 Rad8 28. Qc3 Ne4 29. Qb2 Bc8 30. Rfe1 Qxf2+ 31. Kh2 Qg3+ 32. Kg1 Nc3 33.
Rxe8+ Rxe8 34. b4 Re2 35. Qb3+ Be6 36. Qxe6+ Rxe6 37. Rf1 Re1 38. Rxe1 Qxe1+
0-1

[Event "18. Open de la Constitución 2016"]
[Site "San Sebastian de los Reyes ES"]
[Date "2016.12.03"]
[Round "1.28"]
[White "De La Pena Garcia, Blanca"]
[Black "Tejerina Rincon, Andres"]
[Result "1-0"]
[WhiteElo "1815"]
[BlackElo "1238"]
[PlyCount "51"]
[EventDate "2016.12.03"]
[EventType "swiss"]
[EventRounds "9"]
[EventCountry "ESP"]
[SourceTitle "Ajedrez en Madrid"]
[Source "lmi"]
[SourceDate "2016.12.03"]

1. e4 e5 2. d4 Nc6 3. d5 Bb4+ 4. c3 Bc5 5. dxc6 bxc6 6. Nf3 d6 7. Be2 Bg4 8.
O-O Nf6 9. Nbd2 d5 10. Nxe5 Qd6 11. Nxg4 Qf4 12. Nb3 Qd6 13. e5 Qe6 14. Nxc5
Qe7 15. exf6 gxf6 16. b4 O-O-O 17. Re1 Rhe8 18. Ba6+ Kb8 19. Rxe7 Rxe7 20. Be3
d4 21. Bxd4 f5 22. Ne5 Re6 23. Qf3 f4 24. Nxc6+ Rxc6 25. Qxc6 f3 26. Qb7# 1-0

[Event "18. Open de la Constitución 2016"]
[Site "San Sebastian de los Reyes ES"]
[Date "2016.12.03"]
[Round "1.29"]
[White "Sanabria Gris, Pol"]
[Black "Ortega Morales, Pedro"]
[Result "0-1"]
[WhiteElo "1114"]
[BlackElo "1809"]
[PlyCount "60"]
[EventDate "2016.12.03"]
[EventType "swiss"]
[EventRounds "9"]
[EventCountry "ESP"]
[SourceTitle "Ajedrez en Madrid"]
[Source "lmi"]
[SourceDate "2016.12.03"]

1. e4 e5 2. Nf3 Nc6 3. Bc4 Be7 4. Nc3 Nf6 5. Ng5 O-O 6. Bd5 Nxd5 7. exd5 Bxg5
8. dxc6 dxc6 9. Ne4 Bf4 10. d3 Bxc1 11. Rxc1 f5 12. Ng3 Qd5 13. c4 Qxg2 14. Rf1
f4 15. Nh5 Bh3 16. Ke2 Bg4+ 17. Kd2 Bxd1 18. Rcxd1 Qg5 19. Nxg7 Qxg7 20. Rg1
Rf7 21. Rxg7+ Rxg7 22. Re1 Re8 23. d4 Rd7 24. Rg1+ Kf7 25. d5 cxd5 26. cxd5
Rxd5+ 27. Kc1 Rg8 28. Re1 Rg2 29. f3 Kf6 30. Kb1 Rdd2 0-1

[Event "18. Open de la Constitución 2016"]
[Site "San Sebastian de los Reyes ES"]
[Date "2016.12.04"]
[Round "2.1"]
[White "Hernando Pertierra, Jose C"]
[Black "Quintero Torres, Pedro"]
[Result "1-0"]
[WhiteElo "2362"]
[BlackElo "1932"]
[PlyCount "99"]
[EventDate "2016.12.03"]
[EventType "swiss"]
[EventRounds "9"]
[EventCountry "ESP"]
[SourceTitle "Ajedrez en Madrid"]
[Source "lmi"]
[SourceDate "2016.12.03"]

1. g3 Nf6 2. Bg2 d5 3. Nf3 g6 4. c4 c6 5. b3 Bg7 6. Bb2 O-O 7. O-O Bf5 8. d3
Nbd7 9. cxd5 cxd5 10. Nd4 Nb6 11. Nxf5 gxf5 12. Nd2 e6 13. Nf3 Ne8 14. Bxg7
Nxg7 15. Qd2 Qf6 16. Rac1 Rac8 17. d4 Qe7 18. Qa5 Rxc1 19. Rxc1 Rc8 20. Rc5
Rxc5 21. dxc5 Nc8 22. Nd4 Ne8 23. e3 Qc7 24. Qa4 Nf6 25. b4 a6 26. Bf1 Ne7 27.
Bd3 Kg7 28. Qc2 Kg8 29. a4 Ng4 30. Be2 Ne5 31. Kg2 N5c6 32. b5 Nxd4 33. exd4
axb5 34. axb5 f4 35. Qd2 fxg3 36. hxg3 Ng6 37. b6 Qc8 38. Qc3 Ne7 39. Qe3 Ng6
40. Bd3 Qe8 41. Qe2 Qd7 42. Bb5 Qd8 43. Qe3 h5 44. Bd3 Qd7 45. Qh6 Qe8 46. Qg5
Kg7 47. Bxg6 fxg6 48. Qe5+ Kg8 49. c6 Qxc6 50. Qb8+ 1-0

[Event "18. Open de la Constitución 2016"]
[Site "San Sebastian de los Reyes ES"]
[Date "2016.12.04"]
[Round "2.2"]
[White "Perez Gonzalez, Jose Manuel"]
[Black "Anton Quevedo, Andrea"]
[Result "1-0"]
[WhiteElo "2315"]
[BlackElo "1907"]
[PlyCount "65"]
[EventDate "2016.12.03"]
[EventType "swiss"]
[EventRounds "9"]
[EventCountry "ESP"]
[SourceTitle "Ajedrez en Madrid"]
[Source "lmi"]
[SourceDate "2016.12.03"]

1. e4 c5 2. Nf3 e6 3. d4 cxd4 4. Nxd4 Nc6 5. Nc3 Qc7 6. Be3 Nf6 7. Be2 Bb4 8.
Ndb5 Qb8 9. a3 Be7 10. O-O O-O 11. f4 d6 12. Qe1 a6 13. Nd4 Bd7 14. Bf3 Qc7 15.
Qg3 Kh8 16. Rae1 Rab8 17. Kh1 Ne8 18. f5 Bf6 19. fxe6 fxe6 20. Bg4 Qc8 21. Nxc6
bxc6 22. e5 dxe5 23. Bc5 Rg8 24. b4 Qd8 25. Rd1 Qc7 26. Qh3 Bg5 27. Ne4 Bh6 28.
Rf7 Rd8 29. Be2 a5 30. Qd3 axb4 31. axb4 Nf6 32. Nxf6 gxf6 33. Qxh7# 1-0

[Event "18. Open de la Constitución 2016"]
[Site "San Sebastian de los Reyes ES"]
[Date "2016.12.04"]
[Round "2.3"]
[White "Gueler Berdasco, Martin"]
[Black "Martin Duque, Jesus"]
[Result "0-1"]
[WhiteElo "1929"]
[BlackElo "2295"]
[PlyCount "85"]
[EventDate "2016.12.03"]
[EventType "swiss"]
[EventRounds "9"]
[EventCountry "ESP"]
[SourceTitle "Ajedrez en Madrid"]
[Source "lmi"]
[SourceDate "2016.12.03"]

1. d4 Nf6 2. Bg5 d5 3. Nf3 c6 4. Nbd2 Ne4 5. Bf4 Qb6 6. Qc1 Nd7 7. e3 Ndf6 8.
h3 Bf5 9. Be2 e6 10. O-O h6 11. c4 Be7 12. c5 Qd8 13. b4 O-O 14. a4 Nxd2 15.
Qxd2 Ne4 16. Qb2 f6 17. Nd2 Ng5 18. b5 Nf7 19. bxc6 bxc6 20. Nf3 Qc8 21. Rfc1
Bd8 22. Ra3 Bc7 23. Bxc7 Qxc7 24. Rcc3 Rab8 25. Rcb3 e5 26. Rxb8 Rxb8 27. Rb3
Rxb3 28. Qxb3 Bc8 29. Qb4 e4 30. Nd2 f5 31. Bh5 Ng5 32. h4 Ne6 33. Nf1 Kh7 34.
Be8 g5 35. hxg5 hxg5 36. Ng3 Ng7 37. Bh5 f4 38. exf4 gxf4 39. Nxe4 dxe4 40. Be2
Nf5 41. Qb1 Qe7 42. Qb8 Nxd4 43. Qxc8 0-1

[Event "18. Open de la Constitución 2016"]
[Site "San Sebastian de los Reyes ES"]
[Date "2016.12.04"]
[Round "2.4"]
[White "Quevedo Marin, Manuel"]
[Black "Alonso Garuti, Luis E"]
[Result "1-0"]
[WhiteElo "2267"]
[BlackElo "1844"]
[PlyCount "73"]
[EventDate "2016.12.03"]
[EventType "swiss"]
[EventRounds "9"]
[EventCountry "ESP"]
[SourceTitle "Ajedrez en Madrid"]
[Source "lmi"]
[SourceDate "2016.12.03"]

1. e4 d5 2. exd5 Nf6 3. Bb5+ Bd7 4. Be2 Nxd5 5. d4 e6 6. c4 Bb4+ 7. Bd2 Bxd2+
8. Qxd2 Nf6 9. Nf3 O-O 10. O-O c5 11. dxc5 Qc7 12. b4 a5 13. b5 e5 14. Qe3 Ng4
15. Qe4 Be6 16. Ng5 Nf6 17. Nxe6 fxe6 18. Qe3 Nbd7 19. Nc3 Qxc5 20. Qh3 Qe7 21.
Na4 Ne4 22. Qe3 Nec5 23. Nc3 Rf7 24. Bh5 g6 25. Bf3 Raf8 26. Rad1 Rf4 27. Be4
Nf6 28. Bf3 Rxc4 29. Qxe5 Ncd7 30. Qe3 Rfc8 31. Nd5 Qf7 32. Nxf6+ Nxf6 33. Rfe1
Rc2 34. Qb6 Rxa2 35. Rxe6 Nd7 36. Qd6 Kh8 37. Re7 1-0

[Event "18. Open de la Constitución 2016"]
[Site "San Sebastian de los Reyes ES"]
[Date "2016.12.04"]
[Round "2.5"]
[White "Lozano Freras, Sergio"]
[Black "Fernandez Lledo, Javier"]
[Result "1-0"]
[WhiteElo "1904"]
[BlackElo "2242"]
[PlyCount "63"]
[EventDate "2016.12.03"]
[EventType "swiss"]
[EventRounds "9"]
[EventCountry "ESP"]
[SourceTitle "Ajedrez en Madrid"]
[Source "lmi"]
[SourceDate "2016.12.03"]

1. e4 c5 2. Nf3 e6 3. d4 cxd4 4. Nxd4 Nc6 5. Nc3 Qc7 6. Ndb5 Qb8 7. Be3 a6 8.
Bb6 axb5 9. Nxb5 Bb4+ 10. c3 Ba5 11. Nc7+ Qxc7 12. Bxc7 Bxc7 13. Qg4 Kf8 14.
Bb5 Nge7 15. O-O d5 16. exd5 exd5 17. Qe2 Be6 18. a4 g6 19. b4 Kg7 20. a5 d4
21. Bxc6 Nxc6 22. a6 dxc3 23. axb7 Rxa1 24. Rxa1 Nxb4 25. Qe3 Nd5 26. Qd4+ f6
27. Ra8 Rb8 28. Qc5 Kh6 29. Rxb8 Bxb8 30. Qf8+ Kh5 31. Qxb8 c2 32. Qc8 1-0

[Event "18. Open de la Constitución 2016"]
[Site "San Sebastian de los Reyes ES"]
[Date "2016.12.04"]
[Round "2.6"]
[White "Solaesa Navalpotro, Luis Julio"]
[Black "Reyes Penas, Sebastian"]
[Result "1-0"]
[WhiteElo "2209"]
[BlackElo "1832"]
[PlyCount "81"]
[EventDate "2016.12.03"]
[EventType "swiss"]
[EventRounds "9"]
[EventCountry "ESP"]
[SourceTitle "Ajedrez en Madrid"]
[Source "lmi"]
[SourceDate "2016.12.03"]

1. d4 Nf6 2. Nf3 e6 3. c4 Bb4+ 4. Nbd2 b6 5. a3 Bxd2+ 6. Qxd2 Bb7 7. b4 d6 8.
g3 O-O 9. Bg2 Nbd7 10. O-O Ne4 11. Qc2 f5 12. Ng5 Nxg5 13. Bxb7 Rb8 14. Bg2 h6
15. f4 Nh7 16. e4 fxe4 17. Bxe4 Nhf6 18. Bg6 e5 19. dxe5 dxe5 20. Rd1 Qe7 21.
Qe2 e4 22. Bb2 a5 23. Re1 axb4 24. axb4 Rfd8 25. Bc3 Ra8 26. Rac1 Kf8 27. Qg2
e3 28. Qe2 Ra4 29. Qxe3 Qxe3+ 30. Rxe3 c5 31. Bc2 Ra2 32. b5 Re8 33. Rxe8+ Kxe8
34. Bf5 Kf7 35. Rd1 Ra3 36. Be5 Nxe5 37. fxe5 Ne8 38. Rd7+ Kf8 39. Bg6 Re3 40.
Rf7+ Kg8 41. Re7 1-0

[Event "18. Open de la Constitución 2016"]
[Site "San Sebastian de los Reyes ES"]
[Date "2016.12.04"]
[Round "2.7"]
[White "Lozano Suarez, Luis Miguel"]
[Black "De La Pena Garcia, Blanca"]
[Result "1-0"]
[WhiteElo "2147"]
[BlackElo "1815"]
[PlyCount "57"]
[EventDate "2016.12.03"]
[EventType "swiss"]
[EventRounds "9"]
[EventCountry "ESP"]
[SourceTitle "Ajedrez en Madrid"]
[Source "lmi"]
[SourceDate "2016.12.03"]

1. c4 Nf6 2. g3 g6 3. Bg2 Bg7 4. Nc3 O-O 5. d3 d6 6. Bg5 h6 7. Bd2 e5 8. e4 Nc6
9. Nge2 Ne8 10. O-O f5 11. Nd5 Ne7 12. exf5 gxf5 13. Bc3 c6 14. Nxe7+ Qxe7 15.
f4 Nf6 16. Qd2 Qc7 17. Kh1 Re8 18. Rae1 Qf7 19. c5 exf4 20. cxd6 fxg3 21. Nxg3
Rxe1 22. Rxe1 Nd5 23. Bxg7 Kxg7 24. Bf3 Be6 25. Bh5 Qd7 26. Qe2 Bf7 27. Qe5+
Kg8 28. Nxf5 Bxh5 29. Rg1+ 1-0

[Event "18. Open de la Constitución 2016"]
[Site "San Sebastian de los Reyes ES"]
[Date "2016.12.04"]
[Round "2.8"]
[White "Gonzalez Berrendero, Carlos"]
[Black "Torres Bosch, Jose F"]
[Result "0-1"]
[WhiteElo "1834"]
[BlackElo "2142"]
[PlyCount "60"]
[EventDate "2016.12.03"]
[EventType "swiss"]
[EventRounds "9"]
[EventCountry "ESP"]
[SourceTitle "Ajedrez en Madrid"]
[Source "lmi"]
[SourceDate "2016.12.03"]

1. b3 f5 2. Bb2 Nf6 3. e3 e6 4. Nf3 c6 5. c4 Bd6 6. Qc2 O-O 7. Nc3 Bc7 8. Bd3
a5 9. g4 fxg4 10. Ng5 h6 11. Nge4 d5 12. Nxf6+ Qxf6 13. O-O-O Be5 14. h3 Na6
15. a3 Nc5 16. Bh7+ Kh8 17. hxg4 d4 18. exd4 Bxd4 19. Kb1 e5 20. g5 Qxg5 21.
Rdg1 Qf6 22. Rg6 Bf5 23. Rxf6 Bxc2+ 24. Bxc2 Rxf6 25. b4 axb4 26. axb4 Ne6 27.
Ne4 Rf4 28. Rh2 Bxb2 29. Kxb2 Nd4 30. Bb1 Ra4 0-1

[Event "18. Open de la Constitución 2016"]
[Site "San Sebastian de los Reyes ES"]
[Date "2016.12.04"]
[Round "2.9"]
[White "Alfaya Marcelo, Roberto"]
[Black "Gil Fernandez, Daniel"]
[Result "1-0"]
[WhiteElo "2114"]
[BlackElo "1777"]
[PlyCount "91"]
[EventDate "2016.12.03"]
[EventType "swiss"]
[EventRounds "9"]
[EventCountry "ESP"]
[SourceTitle "Ajedrez en Madrid"]
[Source "lmi"]
[SourceDate "2016.12.03"]

1. d4 e6 2. c4 d5 3. Nc3 Nf6 4. cxd5 exd5 5. Bg5 c6 6. e3 Be7 7. Bd3 O-O 8. Qc2
h6 9. Bh4 Ne8 10. Bg3 Nd6 11. Nf3 Be6 12. O-O Qc8 13. Bxd6 Bxd6 14. Ne5 Nd7 15.
f4 Nf6 16. Na4 Qc7 17. Rac1 Rac8 18. Nc5 Nd7 19. Ncxd7 Bxd7 20. Nxd7 Qxd7 21.
Bf5 Qe7 22. Bxc8 Qxe3+ 23. Qf2 Qxf2+ 24. Kxf2 Bxf4 25. Bf5 Bxc1 26. Rxc1 g6 27.
Bd3 Rc8 28. b4 Kf8 29. Re1 Rc7 30. Kf3 Rd7 31. Kf4 Rd6 32. g4 Rf6+ 33. Kg3 Rd6
34. h4 Rf6 35. g5 hxg5 36. hxg5 Rd6 37. Kf4 Rd7 38. b5 Rd6 39. bxc6 bxc6 40.
Re2 f6 41. gxf6 Rxf6+ 42. Kg5 Rf3 43. Bxg6 Rc3 44. Kf6 Rf3+ 45. Bf5 Kg8 46.
Re8# 1-0

[Event "18. Open de la Constitución 2016"]
[Site "San Sebastian de los Reyes ES"]
[Date "2016.12.04"]
[Round "2.10"]
[White "Martin Manzano, Antonio"]
[Black "Bustos Serrano, Doroteo"]
[Result "0-1"]
[WhiteElo "1818"]
[BlackElo "2035"]
[PlyCount "52"]
[EventDate "2016.12.03"]
[EventType "swiss"]
[EventRounds "9"]
[EventCountry "ESP"]
[SourceTitle "Ajedrez en Madrid"]
[Source "lmi"]
[SourceDate "2016.12.03"]

1. b3 e5 2. Bb2 Nc6 3. e3 d6 4. Bb5 Bd7 5. d4 exd4 6. exd4 Nf6 7. Nf3 Be7 8.
O-O O-O 9. Re1 a6 10. Bd3 Nb4 11. Bf1 Bf5 12. Na3 Qd7 13. c3 Nc6 14. Nc4 Rfe8
15. Ne3 Bg6 16. d5 Ne5 17. Nxe5 dxe5 18. c4 Bb4 19. Re2 Bh5 20. f3 e4 21. Nc2
exf3 22. Rxe8+ Rxe8 23. gxf3 Qf5 24. Nxb4 Bxf3 25. Qc2 Qg4+ 26. Bg2 Re2 0-1

[Event "18. Open de la Constitución 2016"]
[Site "San Sebastian de los Reyes ES"]
[Date "2016.12.04"]
[Round "2.11"]
[White "Marcos Herrero, Francisco"]
[Black "Morata Palacios, Francisco"]
[Result "1/2-1/2"]
[WhiteElo "1996"]
[BlackElo "1757"]
[PlyCount "108"]
[EventDate "2016.12.03"]
[EventType "swiss"]
[EventRounds "9"]
[EventCountry "ESP"]
[SourceTitle "Ajedrez en Madrid"]
[Source "lmi"]
[SourceDate "2016.12.03"]

1. Nf3 d5 2. c4 c6 3. g3 Nf6 4. Bg2 Nbd7 5. cxd5 cxd5 6. d4 e6 7. Nc3 Be7 8.
O-O O-O 9. Bf4 a6 10. Rc1 b5 11. a3 Bb7 12. Qb3 Qb6 13. Rfd1 Rac8 14. Bf1 Rc6
15. Na2 Rfc8 16. Rxc6 Rxc6 17. Rc1 Ne4 18. Rxc6 Qxc6 19. Nd2 Ndf6 20. f3 Nxd2
21. Bxd2 Qc4 22. Qxc4 dxc4 23. e4 Kf8 24. Kf2 Ke8 25. Ke1 Kd7 26. Kd1 Bd8 27.
a4 Bc6 28. Nb4 Bb7 29. axb5 axb5 30. b3 Bb6 31. Bc3 cxb3 32. Bxb5+ Kc7 33. Bc4
Ne8 34. Bxb3 f5 35. Bxe6 fxe4 36. fxe4 Bxe4 37. d5 Bg1 38. h3 Bf2 39. Be5+ Kb7
40. d6 Nf6 41. Ke2 Bb6 42. g4 h6 43. h4 Bc5 44. Nd3 Bb6 45. g5 hxg5 46. hxg5
Nh5 47. Nf2 Bg2 48. Bf7 Bd8 49. Bxh5 Bxg5 50. Bf3+ Bxf3+ 51. Kxf3 g6 52. Ke4
Kc6 53. Nd3 Bd2 54. Nf4 Bb4 1/2-1/2

[Event "18. Open de la Constitución 2016"]
[Site "San Sebastian de los Reyes ES"]
[Date "2016.12.04"]
[Round "2.12"]
[White "Ortega Morales, Pedro"]
[Black "Hernandez Ramos, David"]
[Result "0-1"]
[WhiteElo "1809"]
[BlackElo "1979"]
[PlyCount "77"]
[EventDate "2016.12.03"]
[EventType "swiss"]
[EventRounds "9"]
[EventCountry "ESP"]
[SourceTitle "Ajedrez en Madrid"]
[Source "lmi"]
[SourceDate "2016.12.03"]

1. d4 g6 2. Bf4 Bg7 3. e3 Nf6 4. Nf3 d6 5. h3 O-O 6. Be2 b6 7. O-O Bb7 8. Nbd2
Nbd7 9. c3 Re8 10. Bh2 c5 11. a4 a6 12. Ne1 Qc7 13. Bf3 Reb8 14. Bxb7 Qxb7 15.
Nd3 Qc6 16. Qf3 Qxf3 17. Nxf3 Ne4 18. Rfd1 a5 19. Nd2 Nxd2 20. Rxd2 Nf6 21. Re2
Rb7 22. Rd1 Rab8 23. Kf1 c4 24. Ne1 b5 25. axb5 Rxb5 26. Ra1 Rxb2 27. Rxa5 Rxe2
28. Kxe2 Ne4 29. Ra3 Rb2+ 30. Kd1 Rxf2 31. Bg1 Rf1 32. Bh2 Rh1 33. Bf4 g5 34.
Bxg5 Nxg5 35. Ra4 d5 36. Ke2 Ne4 37. Ra3 e6 38. Ra8+ Bf8 39. Ra4 0-1

[Event "18. Open de la Constitución 2016"]
[Site "San Sebastian de los Reyes ES"]
[Date "2016.12.04"]
[Round "2.13"]
[White "Calvo de Castro, Miguel"]
[Black "Arroyo Martinez, Fernando"]
[Result "1-0"]
[WhiteElo "1787"]
[BlackElo "1967"]
[PlyCount "51"]
[EventDate "2016.12.03"]
[EventType "swiss"]
[EventRounds "9"]
[EventCountry "ESP"]
[SourceTitle "Ajedrez en Madrid"]
[Source "lmi"]
[SourceDate "2016.12.03"]

1. d4 Nf6 2. c4 g6 3. Nf3 Bg7 4. g3 O-O 5. Bg2 c6 6. O-O d5 7. Nbd2 Nbd7 8. Re1
Re8 9. e4 dxe4 10. Nxe4 Nxe4 11. Rxe4 Nb6 12. b3 Bf5 13. Re1 Qc8 14. Ba3 Bf6
15. Qd2 Bh3 16. Qh6 Bxg2 17. Kxg2 Qf5 18. Re2 Rad8 19. Rae1 e6 20. Re5 Bxe5 21.
Ng5 c5 22. Rxe5 Qf6 23. Qxh7+ Kf8 24. Bxc5+ Re7 25. Bxe7+ Kxe7 26. Rxe6+ 1-0

[Event "18. Open de la Constitución 2016"]
[Site "San Sebastian de los Reyes ES"]
[Date "2016.12.04"]
[Round "2.14"]
[White "Vazquez Gonzalez, Jesus"]
[Black "Del Campo Lobo, Joaquin"]
[Result "1-0"]
[WhiteElo "1966"]
[BlackElo "1680"]
[PlyCount "157"]
[EventDate "2016.12.03"]
[EventType "swiss"]
[EventRounds "9"]
[EventCountry "ESP"]
[SourceTitle "Ajedrez en Madrid"]
[Source "lmi"]
[SourceDate "2016.12.03"]

1. b3 d5 2. Bb2 c5 3. e3 Nf6 4. Nf3 Nc6 5. d4 cxd4 6. Nxd4 e6 7. Be2 Be7 8. O-O
O-O 9. Nd2 a6 10. a3 Nxd4 11. exd4 b6 12. Bd3 Bb7 13. Re1 Bd6 14. Qf3 Qc7 15.
Qh3 Bc8 16. Qh4 Be7 17. Nf3 Ne4 18. Qh5 Nf6 19. Qe5 Qxe5 20. Nxe5 Nd7 21. f4
Nxe5 22. fxe5 Bd7 23. Re3 Bb5 24. c4 dxc4 25. bxc4 Ba4 26. Rh3 g6 27. Rf1 Rfd8
28. Rhf3 Rf8 29. Bc1 Kg7 30. Rh3 h5 31. d5 exd5 32. cxd5 Bd7 33. d6 Bd8 34.
Rhf3 Bg4 35. R3f2 b5 36. Be3 Ba5 37. Bd4 Be6 38. Rc2 Rac8 39. Rfc1 Kg8 40. Bc5
Rfd8 41. a4 Bb3 42. axb5 Bxc2 43. Rxc2 axb5 44. Bxb5 Bb4 45. Bb6 Rxc2 46. Bxd8
Bc5+ 47. Kf1 Rf2+ 48. Ke1 Rxg2 49. d7 Rxh2 50. Bc6 Rc2 51. Bd5 Rh2 52. Bc7 Be7
53. e6 Bh4+ 54. Kd1 Rf2 55. Bg3 Rf1+ 56. Ke2 Bd8 57. Kxf1 fxe6 58. Bxe6+ Kg7
59. Be5+ Kh6 60. Kg2 g5 61. Kg3 Kg6 62. Kf3 Kh6 63. Ke4 Kg6 64. Bd4 h4 65. Bg4
Be7 66. Bb6 h3 67. Bxh3 Kh5 68. Kf5 Kh4 69. Bg4 Kg3 70. d8=Q Bxd8 71. Bxd8 Kf2
72. Bxg5 Kg3 73. Be3 Kg2 74. Kf4 Kf1 75. Bd2 Kf2 76. Bf3 Kf1 77. Kg3 Kg1 78.
Be2 Kh1 79. Be1 1-0

[Event "18. Open de la Constitución 2016"]
[Site "San Sebastian de los Reyes ES"]
[Date "2016.12.04"]
[Round "2.15"]
[White "Camarero Izquierdo, Juan Carlos"]
[Black "Bombin Pinera, Dionisio"]
[Result "0-1"]
[WhiteElo "1760"]
[BlackElo "1956"]
[PlyCount "48"]
[EventDate "2016.12.03"]
[EventType "swiss"]
[EventRounds "9"]
[EventCountry "ESP"]
[SourceTitle "Ajedrez en Madrid"]
[Source "lmi"]
[SourceDate "2016.12.03"]

1. d4 Nf6 2. Nc3 d6 3. e4 Nbd7 4. Be3 e5 5. Qd2 c6 6. O-O-O Be7 7. Kb1 O-O 8.
f4 Ng4 9. Nf3 Nxe3 10. Qxe3 Qb6 11. h4 exd4 12. Nxd4 Nc5 13. Qe2 Re8 14. Qh5
Bf6 15. e5 dxe5 16. Nf3 g6 17. Qh6 Bg7 18. Qg5 exf4 19. h5 Bxc3 20. b3 Bf5 21.
hxg6 Bxg6 22. Nh4 Nxb3 23. Qxg6+ hxg6 24. axb3 Qa5 0-1